000 00276nam a2200121Ia 4500
008 190216s9999||||xx |||||||||||||| ||und||
100 _aPalooru
245 0 _aSugama Sangeetham
260 _bPoorna Pubs Kozhikode
_c1989
300 _a69p
650 _aKavithakal
942 _cBK
999 _c26837
_d26837